01189cam a22002891a 4500001001300000003000400013005001700017008004100034010001700075035002000092040005500112042001200167043001200179050002700191100005300218245011300271260003300384300002800417490007400445501015300519650003000672650003500702700002900737700005000766830006600816999001700882e 19000178 DLC20260227111210.0840924s1919 dcua f000 0 eng c ae 19000178  a(OCoLC)11190449 aU.S. Office of Education. LibrarycABAUdABAUdDLC apremarc an-us---00aL111b.A6 1918, no. 481 aVan Sickle, James H.q(James Hixon),d1852-1926.10aPublic education in the cities of the United States /cby J.H. Van Sickle, John Whyte, and W.S. Deffenbaugh. aWashington :bG.P.O.,c1919. a46 p. :bill. ;c23 cm.1 aBulletin / Dept. of the Interior, Bureau of Education ;v1918, no. 48 aWith: Instruction in art in the United States / Walter Sargent. Washington : Govt. Print. Off., 1919. Bound together subsequent to publication.5DLC 0aEducationzUnited States. 0aPublic schoolszUnited States.1 aWhyte, John,d1887-1952.1 aDeffenbaugh, W. S.q(Walter Sylvanus),d1872- 0aBulletin (United States. Bureau of Education) ;v1918, no. 48 c20292d20292